000 00734cam a2200229 4500
001 WB3933-13
008 030903n2003 000 0 eng u
035 _a(Sirsi) u123478
245 _aBSE and offspring cull compensation
260 _c2003
490 _aDEFRA News Release
_v 29 August 2003 (2)
520 _aDEFRA have announced their revised compensation rates applicable to the above schemes and effective from September 2003. http://www.defra.gov.uk/news/2003/030829a.htm.
590 _aWB
650 _aDEFRA
650 _aBSE
650 _aCOMPENSATION RATES
650 _aBEEF INDUSTRY
650 _aINDICATIVE MARKET PRICE
650 _aTSE (ENGLAND) REGULATIONS 2002
690 _aRural
_96268
942 _n0
999 _c73337
_d73337